01550nam a2200241 a 450000500170000000800410001702000180005804000350007604100080011104400070011908200190012610000280014524501620017326000480033530000760038350400540045950505480051365000800106165000580114165100510119970000290125070000290127920150707084239.0140531s2011 ck ab gr 00010 spa d a9789585708006 aCO-BoBLA cCO-BoBLAdCO-BoIAVH aspa ack04a333.72 bO24r 1 aOchoa Jaramillo, Doris.10aRetos para un desarrollo sostenible : btransformaciones en la amazonia colombiana / cDoris Ochoa Jaramillo, Adriana Rojas Suárez, Néstor Ortiz Pérez. aBogotá :bUSAID :bALISOS :bILSA,c2011. a122 páginas : bilustraciones, mapas, gráficos ; c28 cm. + e1 CD. aIncluye referencias bibliográficas (p. 114-117) aCap. 1 Sentido y alcance. Cap. 2 La Amazonia colombiana hoy. Cap. 3 Las políticas públicas sectoriales en la transformación de la Amazonia colombiana. Cap. 4 Las trayectorias sectoriales: la dinámica de los hidrocarburos. Cap. 5 Las trayectorias sectoriales: la dinámica de la minería. Cap. 6 Las trayectorias sectoriales: la dinámica de la infraestructura del transporte. Cap. 7 Las trayectorias sectoriales: la dinámica de la infraestructura de energía. Cap. 8 Desafíos para la conservación y la sostenibilidad. Cap. 5  4aConservación de la diversidad biológicaz Amazonas (Región, Colombia) 4aDesarrollo sosteniblez Amazonas (Región, Colombia) 4aAmazonas (Región, Colombia)x Descripción.1 aRojas Suárez, Adriana.1 aOrtiz Pérez, Néstor.